000 00227nam a22000857a 4500
008 230211b ||||| |||| 00| 0 eng d
100 _aKoerber, Roger
245 _aNew 1978 Philatelic Literature List
650 _aPhilatelic Literature
999 _c3498
_d3498